The unfinished business of civil service reform.

Bibliographic Details
Main Author: Carpenter, William Seal, 1890-1957
Format: Book
Language:English
Published: Princeton : Princeton University Press, 1952.
Subjects:

MARC

Tag First Indicator Second Indicator Subfields
LEADER 00000cam a2200000 4500
001 in00000040768
005 20151007064644.0
008 721129s1952 nju 00000 eng u
010 |a  52005834  
035 |a (OCoLC)00503172 
035 |9 AAE0324AM 
040 |c WSU  |d TXA  |d UtOrBLW 
049 |a TXAM  |c [236167] 
050 0 |a JK691  |b .C28 
092 |a 351.6  |b C297u 
100 1 |a Carpenter, William Seal,  |d 1890-1957. 
245 1 4 |a The unfinished business of civil service reform. 
264 1 |a Princeton :  |b Princeton University Press,  |c 1952. 
300 |a 128 pages ;  |c 21 cm. 
336 |a text  |b txt  |2 rdacontent 
337 |a unmediated  |b n  |2 rdamedia 
338 |a volume  |b nc  |2 rdacarrier 
650 0 |a Civil service reform. 
650 0 |a Civil service  |z United States. 
999 |a MARS 
999 f f |s 647871c6-65b1-3107-825d-1e69c31133ec  |i dacf006b-5ae6-3144-84d7-deadc34f5d75  |t 0 
952 f f |p ric  |a Texas A&M University  |b Rellis Campus  |c Joint Library Facility  |d Remote Storage  |t 0  |e JK691 .C28  |h Library of Congress classification  |i unmediated -- volume  |m A14800794371 
998 f f |a JK691 .C28  |t 0  |l Remote Storage